University of Malaya : 1949-1989

Bibliographic Details
Main Author: PC Shiradas
Other Authors: Faridah Fung Chuilin
Format: Book
Published: Kuala Lumpur : University Malaya , 19-
Series:40th Anniversary of the foundingof University Education in Malaysia and Singapore
Subjects:

MARC

LEADER 00000cam a2200000 7i4500
001 0000003114
002 000003368
005 20000330.0
020 |a T000000297 
090 0 0 |a 378.09595   |b PCS 
100 0 |a PC Shiradas 
245 1 0 |a University of Malaya :   |b 1949-1989   |c compiled and written by PC Shiradas and Faridah Fung Chuilin 
260 |a Kuala Lumpur :   |b University Malaya ,   |c 19- 
300 |a 119p. :   |b ill. ;   |c 28cm. 
490 0 |a 40th Anniversary of the foundingof University Education in Malaysia and Singapore 
610 0 0 |a University of Malaya   |x History 
700 0 |a Faridah Fung Chuilin 
999 |a 036677   |b BUKU   |c MALAYSIANA   |e PERPUSTAKAAN KOMUNITI PETALING JAYA